000 00471nam a2200193Ia 4500
005 20240823012548.0
008 240823s9999||||xx |||||||||||||| ||und||
020 _a81-203-2313-0
041 _aENGLISH
082 _A658.4038011 P3
100 _a"Jessup,Leonard"
245 0 _aInformation Systems TODAY
250 _a1st
260 _c2003
_b"PHI,New "
_aNew Delhi
500 _aYES
650 _aInformation
_bManagement Studies
942 _cBK
999 _c164752
_d164752